Statistiken für Harry Potter (1) und der Stein der Weisen Quiz

Klicken Sie hier um das Quiz zu spielen!

Allgemein

  • Dieses Quiz wurde 438 mal gespielt
  • Das Durchschnittsergebnis liegt bei 7 aus 15

Antwortstatistiken

FrageAntwort% Korrekt
Zu welcher Art gehört die Schlange, die Harry im Zoo freilässt?Boa Constrictor
80%
Welchen Mitschüler lernt Harry im Laden von Madame Malkins kennen?Draco
74%
Welche Geschmacksrichtung hat die Bertie Botts Bohne, die Dumbledore im Krankenflügel ist?Ohrenschmalz
73%
In welchem Verlies wurde der Stein der Weisen gelagert?713
68%
Um in die Winkelgasse zu gelangen, muss man einen bestimmten Backstein im Hinterhof des Tropfenden Kessels antippen, aber wie oft muss man diesen antippen?3
52%
In welches Haus teilt der sprechende Hut Padma Patil zu?Ravenclaw
51%
Welchen Trank aus Snape`s Rätsel muss man trinken um Vorwärts zu kommen? Direkt links von jeder Nesselweinflasche steht eine Giftflasche. Der Inhalt der beiden Flaschen an den Enden der Reihe ist zwar unterschiedlich, jedoch in jedem Fall ungeeignet, um durch die weiterführende Tür zu kommen. Die größte und die kleinste Flasche enthalten trotz aller Verschiedenheit nichts Tödliches. Die zweite Flasche von links und die zweite von rechts sehen, zwar verschieden aus, sind aber Zwillinge und enthalten dasselbe.3
48%
Wie viele Punkte bekommen Harry, Hermine, Ron und Neville am Ende des Schuljahres von Dumbledore zugewiesen?170
39%
Wer schrieb das Buch "Lehrbuch der Zaubersprüche Band 1"?Miranda Habicht
34%
Wie alt ist Nicholas Flamel im Jahre 1992?665 Jahre
33%
Hogwarts hat viele Wege und Treppen, aber wie viele Treppen sind es genau?142
23%
Wie viele hat Gryffindor dadurch insgesamt?482
23%
Wie viele Prüfungen muss man bestehen um zum Stein der Weisen zu gelangen?7
22%
Harry bestreitet seine erste Quidditch Partie gegen Slytherin, wie hoch gewinnt Gryffindor?170-60
20%
Welches Geschenk bekommt Harry von Hagrid zu seinem ersten Weihnachten in Hogwarts?eine Holzflöte
18%

Verteilung der Resultate

Perzentil nach korrekt beantworteten Fragen

Anzahl Personen mit jedem Resultat

Ihre Resultats-Entwicklung

Sie haben dieses Quiz noch nicht gespielt